Martín Fierro /

Guardado en:
Autor Principal: Hernández, José, 1983.
Formato: Libro
Idioma:Undetermined
Publicado: Buenos Aires : Editorial Abril, 1983.
Edición:1era ed.
Series:Colección Clásicos de la Literatura Argentina ; I y II
Materias:
Etiquetas: Agregar Etiqueta
Sin Etiquetas, Sea el primero en etiquetar este registro!
LEADER 00678nam a22001935a 4500
001 CEM.cems025137
008 260428s1983####ag############000#0#und#d
005 20260428115652.0
245 1 0 |a Martín Fierro /  |c José Hernández. 
250 |a 1era ed. 
260 |a Buenos Aires :  |b Editorial Abril,  |c 1983. 
300 |a 80 p. ;  |c 20 cm. 
490 1 |a Colección Clásicos de la Literatura Argentina ;  |v I y II 
100 1 |a Hernández, José,  |d 1983. 
082 0 4 |a A861.2 
653 |a Literatura Argentina 
653 |a Literatura Gauchesca 
859 |a CEMS  |b BIB. CEMS - Agricultura  |h A861.2  |i H430-21  |p A4105.26  |t Ej.1  |3 I 
859 |a CEMS  |b BIB. CEMS - Agricultura  |h A861.2  |i H430-21  |p A4106.26  |t Ej.1  |3 II